000 00225nam a22000857a 4500
008 160914b xxu||||| |||| 00| 0 eng d
100 _9439
_aDixit.J.B.
245 _aMathematics Lab- IX
260 _aNew Delhi
_bL.P. Publications
_c2011
999 _c3098
_d3098